000 00420nam a2200181Ia 4500
001 14678
005 20260306164932.0
008 260306t2013||||xx |||||||||||||| ||spa||
041 _aESP
082 _a515.63
_bC75
100 _aColley, Susan Jane
_eAUT
245 0 _aCalculo vectorial
260 _c2013
300 _axvii, 603 páginas :
_c25 cm.
650 _aGEN
654 _aCMA
942 _cLIB
_dJUS
_fJUS
_2ddc
_n
999 _c14678
_d14678